000 00533nam a2200217 a 4500
001 0001-2021
003 ELIB.Books
008 190617 2010 eng
020 _aKBTS
092 _a253.7
_bHut
100 _aHutchcraft, Ron
245 _aCalled to Greatness
260 _aChicago
_bMoody Publishers
_c1984
300 _a218
_c20.8 cm
650 _aEvangelistic Work
856 _nKBTS Library
_uKBTS Elib
942 _2ddc
_cBK
990 _a1
998 _aEnglishbooks.elf
_ccat
_e2019-06-17
999 _c12021
_d12021